01273nam a2200313 a 4500001001100000003000800011006001900019007001500038008004100053010001700094020003300111040002100144035002000165050002500185082001600210100002600226245012400252260005200376300002400428504006400452533015200516650004200668651002900710651003400739655002900773710001700802856012500819999001500944ebr5003142CaPaEBRm u cr cn|||||||||940422s1994 hiub sb s001 0 eng  z 94017048  z0824815890 (acid-free paper0 aCaPaEBRcCaPaEBR a(OCoLC)4987003114aDS731.M5bJ46 1994eb04a951/.032201 aJenks, Robert Darrah.10aInsurgency and social disorder in Guizhouh[electronic resource] :bthe "Miao" Rebellion, 1854-1873 /cRobert D. Jenks. aHonolulu :bUniversity of Hawaii Press,cc1994. axi, 227 p. :bmaps. aIncludes bibliographical references (p. 205-218) and index. aElectronic reproduction.bPalo Alto, Calif. :cebrary,d2013.nAvailable via World Wide Web.nAccess may be limited to ebrary affiliated libraries. 0aHmong (Asian people)zChinaxHistory. 0aChinaxEthnic relations. 0aChinaxHistoryy19th century. 7aElectronic books.2local2 aebrary, Inc.40uhttp://site.ebrary.com/lib/rucke/Doc?id=5003142zAn electronic book accessible through the World Wide Web; click to view c1808d1808